The Waite Group's C Primer Plus / (Record no. 31714)
[ view plain ]
| 000 -LEADER | |
|---|---|
| fixed length control field | 01138cam a2200349 a 4500 |
| 001 - CONTROL NUMBER | |
| control field | 1674048 |
| 003 - CONTROL NUMBER IDENTIFIER | |
| control field | OSt |
| 005 - DATE AND TIME OF LATEST TRANSACTION | |
| control field | 20220112152335.0 |
| 008 - FIXED-LENGTH DATA ELEMENTS--GENERAL INFORMATION | |
| fixed length control field | 980513s1999 inua 001 0 eng d |
| 010 ## - LIBRARY OF CONGRESS CONTROL NUMBER | |
| LC control number | 98085904 ; |
| 020 ## - INTERNATIONAL STANDARD BOOK NUMBER | |
| International Standard Book Number | 1571691618 (pbk.) : |
| Terms of availability | $29.99 |
| 035 ## - SYSTEM CONTROL NUMBER | |
| System control number | (OCoLC)40176256 |
| 038 ## - RECORD CONTENT LICENSOR | |
| Staff Name | khadija |
| 040 ## - CATALOGING SOURCE | |
| Original cataloging agency | WaSKC |
| Transcribing agency | WaSKC |
| Modifying agency | DLC |
| 042 ## - AUTHENTICATION CODE | |
| Authentication code | lccopycat |
| 050 00 - LIBRARY OF CONGRESS CALL NUMBER | |
| Classification number | QA76.73.C15 |
| Item number | P743 1999 |
| 082 00 - DEWEY DECIMAL CLASSIFICATION NUMBER | |
| Classification number | 005.133 |
| Edition number | 21 |
| Author Mark | PRA |
| 100 1# - MAIN ENTRY--PERSONAL NAME | |
| Personal name | Prata, Stephen. |
| 9 (RLIN) | 88332 |
| 245 14 - TITLE STATEMENT | |
| Title | The Waite Group's C Primer Plus / |
| Statement of responsibility, etc. | Stephen Prata. |
| 250 ## - EDITION STATEMENT | |
| Edition statement | 3rd ed. |
| 260 ## - PUBLICATION, DISTRIBUTION, ETC. | |
| Place of publication, distribution, etc. | Indianapolis, Ind., USA : |
| Name of publisher, distributor, etc. | H.W. Sams, |
| Date of publication, distribution, etc. | c1999. |
| 300 ## - PHYSICAL DESCRIPTION | |
| Extent | xvii, 820 p. : |
| Other physical details | ill. ; |
| Dimensions | 23 cm. |
| 500 ## - GENERAL NOTE | |
| General note | Includes index. |
| 563 ## - BINDING INFORMATION | |
| Binding note | HB |
| 650 #0 - SUBJECT ADDED ENTRY--TOPICAL TERM | |
| Topical term or geographic name entry element | C (Computer program language) |
| 9 (RLIN) | 1226 |
| 710 2# - ADDED ENTRY--CORPORATE NAME | |
| Corporate name or jurisdiction name as entry element | Waite Group. |
| 9 (RLIN) | 14012 |
| 906 ## - LOCAL DATA ELEMENT F, LDF (RLIN) | |
| a | 7 |
| b | cbc |
| c | copycat |
| d | 2 |
| e | opcn |
| f | 19 |
| g | y-gencatlg |
| 942 ## - ADDED ENTRY ELEMENTS (KOHA) | |
| Source of classification or shelving scheme | |
| Koha item type | Book |
| Withdrawn status | Lost status | Source of classification or shelving scheme | Damaged status | Not for loan | Permanent Location | Current Location | Shelving location | Date acquired | Total Checkouts | Full call number | Barcode | Date last seen | Date last checked out | Price effective from | Koha item type | Public note |
|---|---|---|---|---|---|---|---|---|---|---|---|---|---|---|---|---|
| School of Mechanical & Manufacturing Engineering (SMME) | School of Mechanical & Manufacturing Engineering (SMME) | General Stacks | 06/30/2015 | 1 | 005.133 PRA | SMME-229 | 08/28/2025 | 11/17/2021 | 06/30/2015 | Book | Rack,51-Shelf,2 | |||||
| School of Mechanical & Manufacturing Engineering (SMME) | School of Mechanical & Manufacturing Engineering (SMME) | Text Books | 10/05/2015 | 005.133 PRA | SMME-1379 | 03/28/2018 | 10/05/2015 | Book | ||||||||
| School of Mechanical & Manufacturing Engineering (SMME) | School of Mechanical & Manufacturing Engineering (SMME) | Text Books | 10/05/2015 | 005.133 PRA | SMME-1380 | 03/28/2018 | 10/05/2015 | Book | ||||||||
| School of Mechanical & Manufacturing Engineering (SMME) | School of Mechanical & Manufacturing Engineering (SMME) | Text Books | 10/05/2015 | 005.133 PRA | SMME-1381 | 03/28/2018 | 10/05/2015 | Book | ||||||||
| School of Mechanical & Manufacturing Engineering (SMME) | School of Mechanical & Manufacturing Engineering (SMME) | Text Books | 10/05/2015 | 005.133 PRA | SMME-1382 | 03/28/2018 | 10/05/2015 | Book |
